The encyclopedia of management / (Record no. 134946)
[ view plain ]
| 000 -LEADER | |
|---|---|
| fixed length control field | 00687nam a22002297a 4500 |
| 005 - DATE AND TIME OF LATEST TRANSACTION | |
| control field | 20170124110237.0 |
| 010 ## - LIBRARY OF CONGRESS CONTROL NUMBER | |
| LC control number | 356035 |
| 020 ## - INTERNATIONAL STANDARD BOOK NUMBER | |
| Terms of availability | 00.00 |
| 035 ## - SYSTEM CONTROL NUMBER | |
| System control number | 356035 |
| 037 ## - SOURCE OF ACQUISITION | |
| Source of stock number/acquisition | Cen Lib/Ret |
| 040 ## - CATALOGING SOURCE | |
| Original cataloging agency | DPL |
| Language of cataloging | EN |
| 082 ## - DEWEY DECIMAL CLASSIFICATION NUMBER | |
| Classification number | 658.03 |
| Item number | ENC |
| 245 ## - TITLE STATEMENT | |
| Title | The encyclopedia of management / |
| Statement of responsibility, etc | edited by Carl Heyel |
| 260 ## - PUBLICATION, DISTRIBUTION, ETC. (IMPRINT) | |
| Place of publication, distribution, etc | London |
| Name of publisher, distributor, etc | Reinhold Publishing Corporation |
| Date of publication, distribution, etc | 1963 |
| 270 ## - ADDRESS | |
| Address | Champman & Hall |
| City | London |
| 300 ## - PHYSICAL DESCRIPTION | |
| Extent | xxvii,1084p. : |
| Other physical details | 24cm(Hb) |
| Dimensions | ill. |
| 500 ## - GENERAL NOTE | |
| General note | Includes bibliographical reference and index |
| 650 ## - SUBJECT ADDED ENTRY--TOPICAL TERM | |
| Topical term or geographic name as entry element | Industrial management |
| 9 (RLIN) | 72764 |
| 650 ## - SUBJECT ADDED ENTRY--TOPICAL TERM | |
| Topical term or geographic name as entry element | Management |
| 9 (RLIN) | 3072 |
| 700 ## - ADDED ENTRY--PERSONAL NAME | |
| Personal name | Heyel, Carl |
| 9 (RLIN) | 72765 |
| 942 ## - ADDED ENTRY ELEMENTS (KOHA) | |
| Source of classification or shelving scheme | Dewey Decimal Classification |
| Koha item type | English Books |
| Classification part | 658.03 |
| Call number prefix | ENC |
| Withdrawn status | Lost status | Damaged status | Not for loan | Collection code | Home library | Current library | Date acquired | Source of acquisition | Cost, normal purchase price | Total Checkouts | Full call number | Barcode | Date last seen | Copy number | Cost, replacement price | Price effective from | Koha item type |
|---|---|---|---|---|---|---|---|---|---|---|---|---|---|---|---|---|---|
| Not For Loan | Reference | Central Library | Central Library | 31/07/2015 | Cen Lib/Ret | 0.00 | 658.03 ENC | 356035 | 31/07/2015 | 1 | 0.00 | 31/07/2015 | English Books |
